000 00442nam a22001817a 4500
003 MPLRDC
005 20220104125514.0
008 210129b ||||| |||| 00| 0 eng d
082 _a424 LSJ
100 _a梁胜洁
245 _a女人身心爱美丽
_c
250 _a初版
260 _a台湾
_b雅书堂文化事业有限公司
_c2009
300 _b181
490 _a设计私生活: 07
650 _a美容
942 _cBK
_o424 LSJ
999 _c27894
_d27884